Кинетика образования F-центров в твердых растворах системы "хлористый калий - бромистый калий"; Конференция "Изменение свойств материалов под действием излучений"

Бібліографічні деталі
Parent link:Конференция "Изменение свойств материалов под действием излучений".— 1961.— С. 20
Автор: Вайсбурд Д. И.
Мова:Російська
Опубліковано: 1961
Предмети:
Формат: Частина з книги
KOHA link:https://koha.lib.tpu.ru/cgi-bin/koha/opac-detail.pl?biblionumber=590890

MARC

LEADER 00000naa0a2200000 4500
001 590890
005 20250623141954.0
035 |a (RuTPU)RU\TPU\tpu\488 
035 |a TPU00000488 
090 |a 590890 
100 |a 20011210d1961 k||y0rusy50 ca 
101 0 |a rus 
102 |a RU 
200 1 |a Кинетика образования F-центров в твердых растворах системы "хлористый калий - бромистый калий"  |f Д. И. Вайсбурд 
463 1 |t Конференция "Изменение свойств материалов под действием излучений"  |o Тезисы докладов и сообщений (21-23 ноября)  |v С. 20  |d 1961 
610 1 |a физика 
610 1 |a труды учёных ТПУ 
700 1 |a Вайсбурд  |b Д. И. 
801 0 |a RU  |b 63413507  |c 20011210  |g PSBO 
801 2 |a RU  |b 63413507  |c 20050601  |g PSBO 
850 |a 63413507 
942 |c BK